Předbělohorská znaková privilegia pro česká, moravská a slezská města, městečka a vsi
Saved in:
| Main Author | |
|---|---|
| Format | Electronic eBook |
| Language | Czech |
| Published |
Masarykova univerzita
2025
|
| Edition | 1. elektronické vydání |
| Subjects | |
| Online Access | Dostupné v BOOKPORT po přihlášení pomocí eduID |
| ISBN | 978-80-280-0626-6 978-80-280-0625-9 |
| Physical Description | 1 online zdroj (672 stran) |
| LEADER | 00000nam a2200000 i 4500 | ||
|---|---|---|---|
| 001 | bkp392910707 | ||
| 003 | CZ-prgp | ||
| 005 | 20250828111951.0 | ||
| 006 | m o d | ||
| 007 | cr cn | ||
| 008 | 250828s2025 xr o 000 0 cze | ||
| 020 | |a 978-80-280-0626-6 |c 638 Kč |q (online ; pdf) | ||
| 020 | |a 978-80-280-0625-9 |c 750 Kč |q (print) | ||
| 040 | |a Grada |b cze |e rda | ||
| 100 | 1 | |a Petr, Houzar | |
| 245 | 1 | 0 | |a Předbělohorská znaková privilegia pro česká, moravská a slezská města, městečka a vsi |c Houzar Petr |
| 250 | |a 1. elektronické vydání | ||
| 264 | 1 | |b Masarykova univerzita |c 2025 | |
| 300 | |a 1 online zdroj (672 stran) | ||
| 336 | |a text |b txt |2 rdacontent | ||
| 337 | |a počítač |b c |2 rdamedia | ||
| 338 | |a online zdroj |b cr |2 rdacarrier | ||
| 520 | 3 | |a Studium erbovních privilegií vždy přináší řadu zajímavých poznatků, protože se jedná o velmi specifický typ historického dokumentu. V předbělohorském období docházelo k častému povyšování vrchnostenských vsí na městečka a městeček na města, čímž byla omezována moc měst královských. Soubor listin byl podroben výzkumu zejména z hlediska diplomatického, kdy cílem bádání bylo zjistit, zda existoval obecný formulář. Nemenší mírou se však publikace věnuje heraldické stránce listin, zejména popisům udělovaných znaků. Ukazuje se, že německé popisy byly často přesnější a ucelenější než české. Unikátní součástí knihy je poté regestář, tedy soupis obsahů listin ve zkrácené a rozšířené formě. | |
| 650 | 0 | 4 | |a Historie |
| 856 | 4 | 0 | |u https://www.bookport.cz/AccountSaml/SignIn/?idp=https://shibboleth.utb.cz/idp/shibboleth&returnUrl=/kniha/predbelohorska-znakova-privilegia-pro-ceska-moravska-a-slezska-mesta-mestecka-a-vsi-15218/ |y Dostupné v BOOKPORT po přihlášení pomocí eduID |